Welcome to CU Library Online Public Access Catalogue (OPAC)

MAGIC, SCIENCE AND RELIGION (Record no. 6013)

MARC details
000 -LEADER
fixed length control field 00358nam a22001337a 4500
005 - DATE AND TIME OF LATEST TRANSACTION
control field 20250528163345.0
008 - FIXED-LENGTH DATA ELEMENTS--GENERAL INFORMATION
fixed length control field 250528b |||||||| |||| 00| 0 eng d
050 ## - LIBRARY OF CONGRESS CALL NUMBER
Classification number GN304
Item number .M35 MAL
100 ## - MAIN ENTRY--PERSONAL NAME
Personal name MALINOWSKI, BRONISLAW
245 ## - TITLE STATEMENT
Title MAGIC, SCIENCE AND RELIGION
260 ## - PUBLICATION, DISTRIBUTION, ETC.
Place of publication, distribution, etc. NEW YORK
Name of publisher, distributor, etc. DOUBLEDAY AND COMPANY, INC.
Date of publication, distribution, etc. c1948
300 ## - PHYSICAL DESCRIPTION
Extent 274p
942 ## - ADDED ENTRY ELEMENTS (KOHA)
Source of classification or shelving scheme Library of Congress Classification
Koha item type Books
Suppress in OPAC No
999 ## -
-- 6013
-- 6013
Holdings
Withdrawn status Lost status Source of classification or shelving scheme Damaged status Not for loan Collection Home library Current library Shelving location Date acquired Total checkouts Full call number Barcode Date last seen Copy number Price effective from Koha item type
    Library of Congress Classification     Non-fiction Undergraduate Library (Christ Temple) Undergraduate Library (Christ Temple) General stacks 05/28/2025   GN304.M35 MAL ulct00002696 05/28/2025 1 05/28/2025 Books
© 2023-2024 Copyright: Central University Libraries. All Rights Reserved | Created by: Mahone Tech Office